• 首页
  • 本馆介绍
  • 公告通知
  • 最新文献
  • 馆藏检索
  • 电子资源
  • 读者导购
  • 参考咨询
  • 我的图书馆
  • 登录
  • 详细信息显示
  • 放入我的书架
  • 预约/预借图书
  • 作者相关作品
  • 分类相关作品
  • 丛书相关作品
  • 出版社相关作品

书目信息

  • 表格格式
  • 工作单格式
  • 卡片格式
题名:
历史哲学:思辨、分析及其当代走向
    
 
作者: 莱蒙 著 ;毕芙蓉 译
分册:  
出版信息: 北京   北京师范大学出版社  2009
页数: 20,625页
开本: 24cm
丛书名: 后现代历史哲学译丛
单 册:
中图分类: K01
科图分类:
主题词: 历史哲学--研究 , 历史哲学
电子资源:
ISBN: 978-7-303-09746-3
000 01188oam2 2200301 45
001 1029823663
005 20100429090750.09
010    @a978-7-303-09746-3@dCNY62.00
100    @a20100419d2009 em y0chiy50 ea
101 0  @achi
102    @aCN@b110000
105    @ay z 000yy
106    @ar
200 1  @a历史哲学:思辨、分析及其当代走向@ALi Shi Zhe Xue: Si Bian、 Fen Xi Ji Qi Dang Dai Zou Xiang@dPhilosophy of history: a guide for students@fM. C. Lemon著@FM. C. Lemon Zhu@g毕芙蓉译@zeng
210    @a北京@c北京师范大学出版社@d2009
215    @a20,625页@d24cm
225 2  @a后现代历史哲学译丛
306    @a由Taylor and Francis Group授权出版
330    @a本书分为三个部分:思辨的历史哲学、分析的历史哲学和历史的终结,并从史学家和历史哲学家的著作中,梳理历史观念变迁的基本线索,引导读者迅速地进入历史哲学的殿堂,并与后现代历史哲学谋面。
461  0 @12001 @a后现代历史哲学译丛
510 1  @aPhilosophy of history: a guide for students@zeng
606 0  @a历史哲学@x研究
606 0  @a历史哲学
690    @aK01@v4
701  1 @a莱蒙@ALai Meng@g(Lemon, M. C.)@4著
702  0 @a毕芙蓉@ABi Fu Rong@4译
801  0 @aCN@bTANGWEI@c20100429
905    @b0592699-703@dK01@e168@f5
    
    历史哲学:思辨、分析及其当代走向=Philosophy of history: a guide for students/M. C. Lemon著/毕芙蓉译.-北京:北京师范大学出版社,2009
    20,625页;24cm.-(后现代历史哲学译丛)
    
    
    ISBN 978-7-303-09746-3:CNY62.00
    本书分为三个部分:思辨的历史哲学、分析的历史哲学和历史的终结,并从史学家和历史哲学家的著作中,梳理历史观念变迁的基本线索,引导读者迅速地进入历史哲学的殿堂,并与后现代历史哲学谋面。
●
相关链接 在E读中查询图书 在五车中查询图书 在当当中查询图书 在豆瓣中查询图书


正题名:历史哲学:思辨、分析及其当代走向     索取号:K01/168         预约/预借

序号 登录号 条形码 馆藏地/架位号 状态 备注
1 0592699   205926998   第二样本阅览室/ [索取号:K01/168] 在馆    
2 0592700   205927005   第二借阅区/ [索取号:K01/168] 在馆    
3 0592701   205927014   第二借阅区/ [索取号:K01/168] 在馆    
4 0592702   205927023   第二借阅区/ [索取号:K01/168] 在馆    
5 0592703   205927032   第二借阅区/ [索取号:K01/168] 在馆    
唐山师范学院图书馆 欢迎您!
大连网信软件有限公司© 版权所有